عرض عادي
عرض مارك
- Whyte, Jeffrey
دخول Personal Name
001 - CONTROL NUMBER
- control field: 18700
003 - CONTROL NUMBER IDENTIFIER
- control field: AE-AdECS
005 - DATE AND TIME OF LATEST TRANSACTION
- control field: 20250724071948.0
008 - FIXED-LENGTH DATA ELEMENTS
- fixed length control field: 250724|| aca||aabn | a|a d
040 ## - CATALOGING SOURCE
- Original cataloging agency: AE-AdECS
- Transcribing agency: AE-AdECS
100 ## - HEADING--PERSONAL NAME
- Personal name: Whyte, Jeffrey
670 ## - SOURCE DATA FOUND
- Source citation: Work cat.: (AE-AdECS)291497: Whyte, Jeffrey, author, The birth of psychological war :
